Responses for Show #2809 - Thursday, November 14, 1996

1996 Celebrity Jeopardy! game 4.

Contestants

[<< previous game]

Eartha Kitt, an actress and singer from New York City

Buzz Aldrin, a retired astronaut and author from the book Encounter with Tiber

Brett Butler, an actress from Grace Under Fire

[next game >>]

Jeopardy! Round responses

BEETHOVEN
SCHOOLS
BOOKS BY THE NUMBERS
(Alex: We need a number as your response.)
FIRST AID
NATURE
THEY USED TO BE TRUCK DRIVERS
    $100 14
Ludwig

Eartha
    $100 4
Notre Dame

Buzz
    $100 13
7

Brett
    $100 3
wings

Buzz
    $100 1
(Eartha: Who is Stallone?)

Gene Hackman

BrettEartha
    $200 22
[The end-of-round signal sounds.]

hearing

Brett
    $200 7
Boys Town

Buzz
    $200 18
(Alex: And we have about a minute left in the round.)

"1984"

Brett
    $200 11
talons

Brett
    $200 2
Rock Hudson

Buzz
    $300 6
Georgetown

Eartha
    $300 19
"The Three Musketeers"

Brett
    $300 5
chlorophyll

Buzz
    $500 9
Queen Elizabeth II

Brett
    $400 15
Rutgers

Buzz
    $400 20
"Catch-22"

Brett
    $400 8
tongue

Brett
    $400 10
Gregory Peck

Buzz
    $500 16
the Bauhaus

Triple Stumper
    $500 21
(Brett: What is Fahrenheit 4... 5... 1?)

Fahrenheit 451

Brett
    $500 17
turtle

Buzz
    $500 12
Bob Hoskins

Brett

Scores at the first commercial break (after clue 9):

Brett Buzz Eartha
$1,000 $900 $200

Scores at the end of the Jeopardy! Round:

Brett Buzz Eartha
$3,400 $2,200 $300

Double Jeopardy! Round responses

U.S. HISTORY
AWARDS
LANGUAGES
MUSICAL THEATRE
BODIES OF WATER
POTPOURRI
    $200 18
the Pacific Ocean

Brett
    $400 9
John F. Kennedy

Brett
    $400 17
the Persian Gulf

Buzz
    $4,400 2
(Brett: [No response])

the Spanish-American War

Brett
    $600 19
Gary Larson

Brett
    $600 3
Hindi

Brett
    $3,200 21
(Brett: What is Show Boat?)
[The end-of-round signal sounds.]

Beauty and the Beast

Brett
    $600 5
Lake Michigan

Brett
    $600 20
the Hokey Pokey

Triple Stumper
    $800 4
Waco

Buzz
    $800 13
Nobel Peace Prize

Brett
    $800 16
(Alex: We have about a minute left in the round.)

Swedish

Buzz
    $800 15
(Alex: Her father was Frank Loesser.)

Guys and Dolls

Triple Stumper
    $800 8
Lake Geneva

Brett
    $800 14
(Brett: Who is Arturo Toscanini?)
(Eartha: Who is Yehudi Menuhin?)

Arthur Fiedler

BrettEartha
Triple Stumper
    $1000 6
Eleanor Roosevelt

Buzz
    $1000 10
Thurgood Marshall

Brett
    $1000 11
(Brett: What is Southeast Asia?)
(Buzz: What is Australia?)
(Eartha: What is the Swahili language?)

Africa

BrettBuzzEartha
Triple Stumper
    $1000 12
Kiss of the Spider Woman

Brett
    $1000 7
(Brett: What is Negril Beach?)
(Eartha: What is Jamaica?)

Montego Bay

BrettEartha
Triple Stumper
    $1000 1
area codes

Brett

Scores at the end of the Double Jeopardy! Round:

Brett Buzz Eartha
$0 $4,200 -$2,500
(lock game)

[wagering suggestions for these scores]

Final Jeopardy! Round responses

HISTORIC NAMES
[Brett and Eartha were each given $1,000 to play Final Jeopardy! with.]
EarthaWho is
$1,000
BrettWho is Mao Tse Tung
$1,000
BuzzWho is Napoleon
$3,000
Mao Tse-tung

Final scores:

Brett Buzz Eartha
$2,000 $1,200 $0
Winner: $10,000 to charity 2nd place: $10,000 to charity 3rd place: $10,000 to the March of Dimes

Game dynamics:

Coryat scores:

Brett Buzz Eartha
$7,400 $4,200 -$2,500
21 R
(including 1 DD),
5 W
(including 2 DDs)
12 R,
1 W
2 R,
4 W

Combined Coryat: $9,100

[game clues] [game scores] [suggest correction]

Game tape date: 1996-09-29
The J! Archive is created by fans, for fans. Scraping, republication, monetization, and malicious use prohibited; this site may use cookies and collect identifying information. See terms. The Jeopardy! game show and all elements thereof, including but not limited to copyright and trademark thereto, are the property of Jeopardy Productions, Inc. and are protected under law. This website is not affiliated with, sponsored by, or operated by Jeopardy Productions, Inc. Join the discussion at JBoard.tv.